| 000 | 01113nam a2200277 i 4500 | ||
|---|---|---|---|
| 001 | 186548 | ||
| 003 | SpMaBN | ||
| 005 | 20250928132348.0 | ||
| 008 | 161124s1958 gw |||| | grc | ||
| 100 | 0 |
_aSexto Empírico. _9105957 |
|
| 245 | 1 | 0 |
_aPyrroneion ypotyposeon _b: libros tres continens / _crecensuit Hermannus Mutschmann. |
| 246 | 3 | 3 | _aEsbozos pirrónicos |
| 250 |
_aEd. stereotypam emendatam cur. addenda et corrigenda _badiecit I. Mau. |
||
| 260 |
_aLipsiae : _bin aedibus B.G. Teubneri, _c1958. |
||
| 300 |
_aXXXII, 221 p. ; _c21 cm. |
||
| 490 | 1 | _aBibliotheca Scriptorum Graecorum et Romanorum Teubneriana | |
| 490 | 1 |
_aSexti Empirici opera ; _v1 |
|
| 546 | _aTexto griego, introducción y notas en latín. | ||
| 650 | 0 | 4 |
_aEscépticos. _912356 |
| 700 | 1 |
_aMutschmann, Hermann, _d1882-1918 _9161367 |
|
| 700 | 1 |
_aMau, Jürgen. _9161368 |
|
| 830 | 0 |
_aBibliotheca Scriptorum Graecorum et Romanorum Teubneriana _9192574 |
|
| 830 | 0 |
_aSexti Empirici opera ; _v1 _9192575 |
|
| 852 |
_aES-MaACL _jL-30896 _z- enc. cart. _z. - Biblioteca Jacinto Martínez Lacalle |
||
| 999 |
_c186548 _d186548 |
||